| 000 | 00906nam a22002777a 4500 | ||
|---|---|---|---|
| 001 | BR2023001956 | ||
| 003 | BR-BrBNA | ||
| 005 | 20231016223854.0 | ||
| 008 | 231016b bl.||||| |||| 00| 0 por d | ||
| 040 |
_aBR-BrBNA _bpor |
||
| 041 | _apor | ||
| 072 | _aE11 ; C10 ; E50 | ||
| 090 | _aE11 BR2023001956 | ||
| 110 | 1 |
_97480 _aMinistério do Desenvolvimento Agrário, Brasília, DF (Brasil). Inst. Nacional de Colonização e Reforma Agrária |
|
| 245 |
_aA escola do campo: PRONERA - Programa Nacional de Educação na Reforma Agrária _bRelatório de Atividades 1998-1999 |
||
| 260 |
_aBrasília, DF (Brasil) _c1999 |
||
| 300 |
_a68 p. _bil. _c29 cm |
||
| 500 | _a5 illus.; 15 tables; 4 graphs | ||
| 650 | _aREFORMA AGRÁRIA | ||
| 650 | _aASSENTAMENTO | ||
| 650 | _aEDUCAÇÃO RURAL | ||
| 650 | _aEXTENSÃO RURAL | ||
| 650 | _aSOCIOLOGIA RURAL | ||
| 909 |
_a202310 _bFernando |
||
| 942 | _cBK | ||
| 999 |
_c86497 _d86497 |
||